Statistics for Who Won in Week 1 NFL 2020?

Click here to take the quiz!

General Stats

  • This quiz has been taken 90 times
  • The average score is 13 of 16

Answer Stats

QuestionAnswer% Correct
Thursday Night Football: Kansas City Chiefs vs Houston Texans (Answer kinda obvious)Kansas City Chiefs
97%
Atlanta Falcons vs Seattle Seahawks (A Battle of the Birds)Seattle Seahawks
96%
Baltimore Ravens vs Cleveland Browns (Real close game)Baltimore Ravens
92%
Chicago Bears vs Detroit LionsChicago Bears
91%
Doubleheader Monday Night Football: New York Giants vs Pittsburgh SteelersPittsburgh Steelers
89%
Green Bay Packers vs Minnesota VikingsGreen Bay Packers
88%
Doubleheader Monday Night Football: Denver Broncos vs Tennessee TitansTennessee Titans
87%
Buffalo Bills vs New York Jets (Totally an upset win)Buffalo Bills
84%
Cincinnati Bengals vs Los Angeles ChargersLos Angeles Chargers
84%
New Orleans Saints vs Tampa Bay BuccaneersNew Orleans Saints
83%
Carolina Panthers vs Las Vegas Raiders (Why they have to move)Las Vegas Raiders
81%
Indianapolis Colts vs Jacksonville JaguarsJacksonville Jaguars
79%
Miami Dolphins vs New England PatriotsNew England Patriots
77%
Sunday Night Football: Dallas Cowboys vs Los Angeles Rams (Nice Stadium)Los Angeles Rams
75%
Arizona Cardinals vs San Francisco 49ersArizona Cardinals
71%
Philadelphia Eagles vs. Washington Football Team (Nice name, but who's their mascot)Washington Football Team
71%

Score Distribution

Percentile by Number Answered

Percent of People with Each Score

Your Score History

You have not taken this quiz